Estatismo estructural: unidad en la diversidad de los sistemas políticos de América Latina /

Guardado en:
Bibliografiske detaljer
Hovedforfatter: Dutkiewicz, Piotr
Format: Texto
Fag:
Tags: Tilføj Tag
Ingen Tags, Vær først til at tagge denne postø!

MARC

LEADER 00000 a a2200000 04500
001 179
003
040
100 |a Dutkiewicz, Piotr  
245 |a Estatismo estructural:   |b unidad en la diversidad de los sistemas políticos de América Latina /  |c Piotr Dutkiewicz 
650 |a GOBIERNO  
650 |a POLTICA  
650 |a CLASE DIRIGENTE  
650 |a AMERICA LATINA  
773 |g número 2; páginas 49-55  
999 |c 35390  |d 35390 
773 0 |0 18809  |9 3200  |a Universidad de Varsovia  |d Varsovia, Polonia: Universidad de Varsovia. Facultad de Geografía y Estudios Regionales, 1984-  |o 03635  |t Actas Latinoamericanas de Varsovia/  |w (cru CIDCACS/IIS)36121